=LDR 00000nam 2200000 4500 =001 INLIS000000000014557 =005 20130612105834 =008 ***********************************Ind** =035 ##$$0010-061300000014557 =041 ##$$a Ind =082 ##$$a 639.3 =090 ##$$a 639.3; Han d =100 ##$$a Handoyo, Jatinika =245 ##$$a Usaha Perikanan kolam Air Deras, Jatinika D Handoko =260 ##$$a 1986 $b Jakarta =300 ##$$a 39, Hlm, ILus, 21 Cm =650 ##$$a aIkan Kolam Air deras =850 ##$$a NBPNMAT =990 ##$$a 0001/BPAP-NTB/20142014 =990 ##$$a 0001/BPAP-NTB/2015